| 000 | 00510nam a2200157Ia 4500 | ||
|---|---|---|---|
| 008 | 170221s9999 xx 000 0 und d | ||
| 100 | _aJemal Mohammed | ||
| 245 | _aChallenges and Opportunities in the Use of Radio Broadcast for Development in Ethiopia: Secondary Data Analysis | ||
| 245 | _cJemal Mohammed | ||
| 260 | _bOnline Journal of Communication and Media Technologies | ||
| 260 | _c2016 | ||
| 300 | _a15 : | ||
| 650 | _xCommunication | ||
| 650 | _xMedia Arts | ||
| 856 | _uhttp://www.ojcmt.net/ | ||
| 999 |
_c312928 _d312928 |
||